Les 30 plus grands footballeurs de tous les temps selon ChatGPT - Statistiques

Statistiques générales
  • Ce quiz a été pris 1 059 fois
  • Le résultat moyen est 19 sur 30
Statistiques - réponses
Position Nationalité Réponse % Correct
4) Portugal Cristiano Ronaldo
100%
3) Argentine Lionel Messi
100%
11) Brésil Ronaldo Nazário
99%
2) Argentine Diego Maradona
97%
1) Brésil Pelé
97%
10) France Zinedine Zidane
97%
5) Pays Bas Johan Cruyff
88%
7) France Michel Platini
84%
19) Allemagne Gerd Müller
75%
22) Brésil Ronaldinho
75%
9) Hongrie Ferenc Puskás
72%
20) France Thierry Henry
70%
29) Espagne Andres Iniesta
68%
14) Libéria George Weah
67%
17) Italie Paolo Maldini
67%
28) Espagne Xavi Hernandez
66%
8) Allemagne Franz Beckenbauer
65%
23) Portugal Eusébio
59%
13) Pays Bas Marco van Basten
57%
6) Argentine / Espagne Alfredo Di Stéfano
56%
26) Pays Bas Ruud Gullit
54%
21) URSS / Russie Lev Yashin
50%
16) Angleterre Bobby Charlton
42%
12) Italie Roberto Baggio
41%
15) Brésil Garrincha
40%
27) Brésil Roberto Carlos
39%
30) Uruguay Diego Forlán
36%
25) Allemagne Lothar Matthäus
26%
18) Angleterre Bobby Moore
24%
24) Italie Franco Baresi
23%
Aucun quiz correspondant
Distribution des résultats
% des personnes avec chaque résultat
Percentile par nombre de réponses
Votre historique - résultats
Vous n’avez pas pris ce quiz